000 00822nam a2200289 4500
003 OSt
005 20260601171005.0
008 260508b1980\\\\|||ao|||\||||\00|\0\spa\d
020 _a8431516569
020 _a9788431516567
040 _aICI
_bspa
_cICI
050 _aTL770
_bD3418
100 1 _ad'Agostino, Carlo
245 1 _aModelismo aereo:
_bManual práctico/
_cCarlo d'Agostino
264 _bEditorial de Vecci
_c1980
_aEspaña
300 _a222 páginas
336 _atexto
_2rdacontent
337 _asin medio
_2rdamedia
338 _avolumen
_2rdacarrier
650 _aAeromodelismo
650 _aModelos de aviones
650 _aAeronáutica recreativa
_932128
650 _aConstrucción de modelos
650 _aManualidades técnicas
650 _aAerodinámica aplicada
_932131
942 _2lcc
_cB
_n1
999 _c20247
_d20247